[Event "Foment Martinenc op-B 24th"]
[Site "Barcelona"]
[Date "2024.05.11"]
[Round "4"]
[White "Lopera Larrea, Izan"]
[Black "Perez Canigueral, Pau"]
[Result "1-0"]
[WhiteElo "1574"]
[BlackElo "1417"]
[PlyCount "69"]
[EventDate "2024.04.20"]
[EventType "swiss"]
[EventRounds "9"]
[EventCountry "ESP"]
[SourceTitle "CBM 220 Extra"]
[Source "ChessBase"]
[SourceDate "2024.07.31"]
[SourceVersion "1"]
[SourceVersionDate "2024.07.31"]
[SourceQuality "1"]

1. d4 Nf6 2. c4 g6 3. Nc3 Bg7 4. e4 d6 5. f3 0-0 6. Be3 Nbd7 7. Qd2 c5 8. Nge2 a6 9. 0-0-0 Rb8 10. g4 cxd4 11. Nxd4 Ne5 12. h4 Be6 13. b3 Qc7 14. h5 Rbc8 15. Kb2 Bxg4 16. fxg4 e6 17. hxg6 fxg6 18. Nxe6 Qd7 19. Nxf8 Rxf8 20. Qxd6 Qxd6 21. Rxd6 Nexg4 22. Bd4 Re8 23. Bh3 Nxe4 24. Nxe4 Rxe4 25. Bxg7 Kxg7 26. Bxg4 Rxg4 27. Rd7+ Kf6 28. Rdxh7 Rg2+ 29. Ka3 Kf5 30. Rxb7 g5 31. Rc1 g4 32. c5 g3 33. c6 Rh2 34. c7 Rh8 35. Rb8 1-0

[Event "Foment Martinenc op-C 22nd"]
[Site "Barcelona"]
[Date "2022.05.28"]
[Round "6"]
[White "Perez Canigueral, Pau"]
[Black "Fernandez Macarron, Mariano"]
[Result "0-1"]
[WhiteElo "1408"]
[BlackElo "1641"]
[PlyCount "94"]
[EventDate "2022.04.23"]
[EventType "swiss"]
[EventRounds "9"]
[EventCountry "ESP"]
[SourceTitle "EXT 2023"]
[Source "ChessBase"]
[SourceDate "2022.10.05"]
[SourceVersion "1"]
[SourceVersionDate "2022.10.05"]
[SourceQuality "1"]

1. e4 c5 2. Nf3 g6 3. c3 Bg7 4. d4 cxd4 5. cxd4 e6 6. Nc3 Ne7 7. Bf4 0-0 8. Bd3 d5 9. exd5 exd5 10. 0-0 Nbc6 11. Qc2 Nb4 12. Qe2 Nxd3 13. Qxd3 Bf5 14. Qe3 Re8 15. Bg5 Qc7 16. Bxe7 Rxe7 17. Nxd5 Rxe3 18. Nxc7 Rc8 19. fxe3 Rxc7 20. Nh4 Be4 21. Rac1 Re7 22. Nf3 Bh6 23. Rfe1 Bxf3 24. gxf3 Rxe3 25. Kf2 Rd3 26. Rcd1 Rxd1 27. Rxd1 Bf4 28. h3 Kg7 29. d5 Bd6 30. b4 Bxb4 31. d6 Ba5 32. d7 Bd8 33. Rc1 Kf8 34. Rc8 Ke7 35. Rb8 Kxd7 36. Rxb7+ Ke6 37. Rxa7 Bb6+ 38. Kg3 Bxa7 39. a4 f5 40. Kf4 Kf6 41. a5 Bb8+ 42. Ke3 Ke5 43. a6 Ba7+ 44. Kd3 Kd5 45. Kc3 Kc5 46. Kd3 Kb5 47. Ke2 Kxa6 0-1

[Event "Foment Martinenc op-C 22nd"]
[Site "Barcelona"]
[Date "2022.05.07"]
[Round "3"]
[White "Perez Canigueral, Pau"]
[Black "Marzo Ruiz, Xavier"]
[Result "0-1"]
[WhiteElo "1408"]
[BlackElo "1646"]
[PlyCount "46"]
[EventDate "2022.04.23"]
[EventType "swiss"]
[EventRounds "9"]
[EventCountry "ESP"]
[SourceTitle "EXT 2023"]
[Source "ChessBase"]
[SourceDate "2022.10.05"]
[SourceVersion "1"]
[SourceVersionDate "2022.10.05"]
[SourceQuality "1"]

1. e4 Nf6 2. Nc3 e6 3. d4 d5 4. e5 Nfd7 5. Nf3 c5 6. Bd3 cxd4 7. Nxd4 Nxe5 8. Nce2 Nbc6 9. b3 Nxd4 10. Nxd4 Bc5 11. Bb2 Qf6 12. Nf3 Nxf3+ 13. gxf3 Qxb2 14. Rb1 Qe5+ 15. Be2 Qd4 16. Qxd4 Bxd4 17. Rd1 Bc3+ 18. Kf1 Ke7 19. Rg1 Bd7 20. Rxg7 Bxg7 21. a4 Rac8 22. Rd2 Bh6 23. Rd1 Rxc2 0-1